000 00474nam a2200157 4500
001 117276
003 ES-MaACL
005 20230906190850.0
007 t|
008 070301s1906 it r ||||1| ita d
100 1 _aPastore, Annibale.
_989535
245 1 0 _aLogica formale dedotta dalla considerazione di modelli meccanici /
_cAnnibale Pastore.
260 _aTorino :
_bBocca,
_c1906.
300 _aXXIII, 258 p. I-VIII gráf. :
_bil ;
_c20 cm.
852 _aES-MaACL
_jD-814
999 _c117276
_d117276